| 000 | 00647 a2200193 4500 | ||
|---|---|---|---|
| 020 | _a0442018525 | ||
| 020 | _a9780442018528 | ||
| 082 | 0 | 4 | _a658.812 |
| 090 |
_c1655 _d1655 |
||
| 100 | 1 | _aHEIL, PARKER, TATE. | |
| 245 | 1 | 0 |
_aLeadership & the customer revolution / _cPARKER, TATE HEIL. |
| 260 |
_a[S.l.] : _bVAN NOSTRAND REINHOLD, _c1995. |
||
| 300 |
_a290 p. ; _c23 cm. |
||
| 500 | _aImport. | ||
| 500 | _aHardcover. | ||
| 856 | 4 | 0 |
_3Amazon.com _uhttp://www.amazon.com/exec/obidos/ASIN/0442018525/chopaconline-20 |
| 856 | 4 | 0 |
_3Amazon customer reviews _uhttp://www.chopac.org/cgi-bin/tools/azrev.pl?q=0442018525 |
| 942 |
_aNBS _cBK _k658.812 HEI |
||
| 999 |
_c344170 _d344170 |
||